[Event "Open A Befana"]
[Site "Milano ITA"]
[Date "2011.01.05"]
[Round "5"]
[White "Bemporad, Filippo"]
[Black "Cazzaniga, Walter"]
[Result "0-1"]
[WhiteElo "2057"]
[BlackElo "2092"]
[PlyCount "74"]
[EventDate "2011.01.02"]

1. d4 Nf6 2. Nf3 e6 3. c4 c5 4. Nc3 cxd4 5. Nxd4 a6 6. e4 Qc7 7. Be2 d6 8. O-O
Nbd7 9. Be3 b6 10. Rc1 Bb7 11. f3 Rc8 12. Qd2 Be7 13. Rfd1 Qb8 14. Bf1 O-O 15.
Qf2 Rfe8 16. b3 Bf8 17. Bd3 d5 18. exd5 exd5 19. Nde2 dxc4 20. Bxc4 b5 21. Bd3
Ne5 22. Bf5 Rcd8 23. Bb6 Rxd1+ 24. Rxd1 g6 25. Bh3 b4 26. Na4 Bc6 27. Nb2 Bb5
28. Nc1 Qb7 29. Qd4 Bg7 30. Nc4 Nxc4 31. bxc4 Ba4 32. c5 Bxd1 33. Qxd1 Nd5 34.
Ba5 Bc3 35. Ne2 Qb5 36. Nxc3 Qxc5+ 37. Kh1 Qxc3 0-1

[Event "Open A Befana"]
[Site "Milano ITA"]
[Date "2011.01.05"]
[Round "5"]
[White "Gori, Andrea"]
[Black "Morselli, Stefano"]
[Result "1-0"]
[WhiteElo "2099"]
[BlackElo "1894"]
[PlyCount "89"]
[EventDate "2011.01.02"]

1. e4 g6 2. d4 Bg7 3. c4 d6 4. Nc3 Nf6 5. f3 c6 6. Be3 Bd7 7. Qd2 Qa5 8. a4 Na6
9. Nge2 b5 10. cxb5 cxb5 11. Nxb5 Qxd2+ 12. Kxd2 O-O 13. Nec3 Nb4 14. Be2 a6
15. Na3 d5 16. e5 Ne8 17. Nc2 Nxc2 18. Kxc2 Nc7 19. b4 Rfb8 20. Rhb1 h5 21. Rb2
Rb7 22. Rab1 Rab8 23. b5 Bf5+ 24. Bd3 Bxd3+ 25. Kxd3 axb5 26. Nxb5 Na6 27. Bd2
e6 28. Rc2 Bf8 29. Rbc1 Nb4+ 30. Bxb4 Bxb4 31. Rc8+ Kg7 32. Rxb8 Rxb8 33. Rc7
Ra8 34. Ra7 Rc8 35. Nd6 Rc3+ 36. Ke2 Rc2+ 37. Kf1 Rc1+ 38. Kf2 Rc2+ 39. Kg3 g5
40. Rxf7+ Kg8 41. Rf6 Bd2 42. Rxe6 Be3 43. Nf5 Bf2+ 44. Kh3 Rc3 45. Rg6+ 1-0

[Event "Open A Befana"]
[Site "Milano ITA"]
[Date "2011.01.05"]
[Round "5"]
[White "Guzzetti, Luigi Enrico"]
[Black "Arboscelli, Gregorio"]
[Result "0-1"]
[WhiteElo "1952"]
[BlackElo "1906"]
[PlyCount "94"]
[EventDate "2011.01.02"]

1. e4 e5 2. Nf3 Nc6 3. Bb5 a6 4. Ba4 Nf6 5. O-O Be7 6. Re1 b5 7. Bb3 d6 8. h3
O-O 9. c3 Nb8 10. d4 Nbd7 11. Nbd2 Bb7 12. Bc2 Re8 13. Nf1 Bf8 14. Ng3 g6 15.
Bg5 h6 16. Bd2 Bg7 17. Nh2 d5 18. Qc1 Kh7 19. dxe5 Nxe5 20. f4 Nc4 21. e5 Ne4
22. Nxe4 dxe4 23. Be3 Nxe3 24. Qxe3 f5 25. exf6 Qxf6 26. Ng4 Qf5 27. Nf2 Bf8
28. g4 Qc5 29. Rad1 Rad8 30. Rxd8 Rxd8 31. Bxe4 Qxe3 32. Rxe3 Bc5 33. Re2 Bxe4
34. Rxe4 Rd2 35. Re5 Bxf2+ 36. Kf1 Bb6 37. f5 Rxb2 38. fxg6+ Kxg6 39. Re6+ Kg7
40. h4 Rxa2 41. h5 Rf2+ 42. Ke1 Rf6 43. Re4 Kf7 44. Kd2 Ba5 45. Re3 Rc6 46.
Rf3+ Kg7 47. Re3 Bxc3+ 0-1

[Event "Open A Befana"]
[Site "Milano ITA"]
[Date "2011.01.05"]
[Round "5"]
[White "Petrini, Roberto"]
[Black "Andreoni, Giuseppe"]
[Result "0-1"]
[WhiteElo "2033"]
[BlackElo "2050"]
[PlyCount "68"]
[EventDate "2011.01.02"]

1. e4 c5 2. Nf3 d6 3. d4 cxd4 4. Qxd4 Nf6 5. Nc3 Nc6 6. Bb5 Bd7 7. Bxc6 Bxc6 8.
Bg5 e6 9. O-O-O Be7 10. Rhe1 Qb6 11. Qd2 O-O 12. Nd4 Rac8 13. f4 Rfd8 14. g4 h6
15. h4 hxg5 16. hxg5 Nxe4 17. Nxe4 Bxe4 18. Rxe4 g6 19. f5 d5 20. Ree1 Bb4 21.
c3 exf5 22. gxf5 Rc4 23. f6 Rdc8 24. Re3 Rxd4 25. Qxd4 Bc5 26. Qh4 Bxe3+ 27.
Kb1 Qe6 28. Qh6 Qxf6 29. Rh1 Qg7 30. Qh3 Re8 31. Re1 d4 32. Qd7 Qe5 33. cxd4
Qf5+ 34. Qxf5 gxf5 0-1

[Event "Open A Befana"]
[Site "Milano ITA"]
[Date "2011.01.05"]
[Round "5"]
[White "Petrone, Gianmario"]
[Black "Pelizzola, Danilo"]
[Result "1/2-1/2"]
[WhiteElo "1814"]
[BlackElo "2061"]
[PlyCount "103"]
[EventDate "2011.01.02"]

1. e4 e5 2. Nf3 Nf6 3. Nxe5 d6 4. Nf3 Nxe4 5. d4 d5 6. Bd3 Bg4 7. O-O Be7 8. h3
Bh5 9. c4 O-O 10. cxd5 Nf6 11. Nc3 Nbd7 12. Re1 Nb6 13. Ne4 Nxe4 14. Bxe4 Bg6
15. d6 Qxd6 16. Bxb7 Rab8 17. Be4 Bf6 18. Bg5 Rfd8 19. Bxf6 Qxf6 20. Bxg6 hxg6
21. Qc2 Nd5 22. Ne5 Rb6 23. a3 Rbd6 24. Nf3 Nf4 25. Re3 Rc6 26. Qa4 a6 27. Rae1
Kh7 28. Qb3 Rb6 29. Qc2 Ne6 30. b4 Nxd4 31. Nxd4 Qxd4 32. Qxc7 Rf6 33. Qe5 Qd2
34. Qg3 Rd5 35. R3e2 Qd4 36. Re4 Qd2 37. R4e2 Qd4 38. Re4 Qb6 39. Rh4+ Rh5 40.
Rxh5+ gxh5 41. Qe3 Qd8 42. Qe7 Qd2 43. Qe2 Qg5 44. Qe3 Qb5 45. Qe5 Kg6 46. Qxb5
axb5 47. Re5 Ra6 48. Rxb5 Rxa3 49. Rb6+ Kg5 50. Rb7 Kf6 51. Kf1 Ra2 52. Rb6+
1/2-1/2

[Event "Open A Befana"]
[Site "Milano ITA"]
[Date "2011.01.05"]
[Round "5"]
[White "Quagliarella, Sabino Remo"]
[Black "Gaggino, Davide"]
[Result "1/2-1/2"]
[WhiteElo "1926"]
[BlackElo "1905"]
[PlyCount "113"]
[EventDate "2011.01.02"]

1. d4 Nf6 2. c4 g6 3. Nc3 Bg7 4. e4 d6 5. Nf3 O-O 6. h3 e5 7. Be3 exd4 8. Nxd4
Re8 9. Bd3 Nc6 10. O-O Nb4 11. Bb1 Nc6 12. Nf3 Bd7 13. c5 dxc5 14. Bxc5 b6 15.
Be3 Be6 16. Bd3 Nb4 17. Bb5 Qxd1 18. Raxd1 c6 19. Ba4 b5 20. e5 Nfd5 21. Nxd5
Nxd5 22. Bb3 Nxe3 23. fxe3 Bxb3 24. axb3 Rad8 25. Rd6 Rxd6 26. exd6 Rd8 27. Rd1
Rd7 28. e4 f6 29. Kf1 Bf8 30. e5 fxe5 31. Nxe5 Rxd6 32. Rxd6 Bxd6 33. Nxc6 Bc5
34. Ke2 Kf7 35. b4 Bb6 36. Kd3 a6 37. Nb8 a5 38. bxa5 Bxa5 39. Nc6 Bb6 40. Ke4
Kf6 41. Ne5 Ke6 42. Nf3 Kd6 43. Ng5 h5 44. Nf7+ Kc5 45. Ne5 Kb4 46. Nxg6 Kb3
47. Nf4 h4 48. Kd5 Kxb2 49. Kc6 Be3 50. Nd5 Bf2 51. Kxb5 Kc2 52. Kc4 Kd2 53.
Nf6 Ke2 54. Ne4 Be1 55. Ng5 Kf2 56. Nf3 Kxg2 57. Nxh4+ 1/2-1/2

[Event "Open A Befana"]
[Site "Milano ITA"]
[Date "2011.01.05"]
[Round "5"]
[White "Salmoiraghi, Angelo"]
[Black "Cani, Gazmir"]
[Result "1/2-1/2"]
[WhiteElo "2155"]
[BlackElo "2115"]
[PlyCount "67"]
[EventDate "2011.01.02"]

1. d4 Nf6 2. c4 g6 3. g3 Bg7 4. Bg2 d6 5. Nf3 Nbd7 6. Nc3 O-O 7. O-O c6 8. e4
e5 9. h3 Re8 10. Re1 exd4 11. Nxd4 Nc5 12. Qc2 a5 13. Be3 Nfd7 14. Rad1 a4 15.
f4 Qa5 16. a3 Qc7 17. Bf2 Nb6 18. Ndb5 cxb5 19. Nxb5 Qe7 20. Nxd6 Nbd7 21. e5
Rf8 22. Bd5 Ne6 23. Nxc8 Rfxc8 24. Bxb7 Ndc5 25. Bxa8 Rxa8 26. Rd5 Rb8 27. Red1
Bf8 28. g4 Qc7 29. Be3 Rb3 30. Qe2 Ne4 31. f5 N6g5 32. Kg2 Qb7 33. Bxg5 Nxg5
34. h4 1/2-1/2

[Event "Open A Befana"]
[Site "Milano ITA"]
[Date "2011.01.05"]
[Round "5"]
[White "Vezzosi, Paolo"]
[Black "Cattaneo, Marco"]
[Result "1/2-1/2"]
[WhiteElo "2383"]
[BlackElo "1948"]
[PlyCount "136"]
[EventDate "2011.01.02"]

1. d4 d5 2. Nf3 e6 3. c4 c6 4. Qc2 dxc4 5. Qxc4 b5 6. Qb3 Bb7 7. g3 Nf6 8. Bg2
Nbd7 9. O-O Be7 10. Nc3 O-O 11. Bg5 h6 12. Bxf6 Nxf6 13. Rfd1 Qb6 14. a4 a6 15.
e3 Rac8 16. Ne5 Qc7 17. Rac1 b4 18. Ne4 Nxe4 19. Bxe4 c5 20. Bxb7 Qxb7 21. dxc5
Rxc5 22. Rxc5 Bxc5 23. Qc4 Qa7 24. Nd7 Rc8 25. Nxc5 Rxc5 26. Qxb4 Qc7 27. Qd2
Rd5 28. Qe2 Rxd1+ 29. Qxd1 a5 30. h4 Qb8 31. Qd2 Qb6 32. Qd4 Qb8 33. h5 Kh7 34.
Qd3+ Kg8 35. Qd4 Kh7 36. e4 Qe8 37. b3 Qc6 38. Qe3 Qd6 39. Kg2 Qb4 40. Qd3 e5
41. f4 f6 42. fxe5 fxe5 43. Kh3 Qe1 44. Qf3 Qa1 45. Kg4 Qd4 46. Qf5+ Kh8 47.
Qf8+ Kh7 48. Qf3 Kh8 49. Kh3 Kh7 50. g4 Kh8 51. g5 hxg5 52. Kg4 Qd6 53. Kxg5
Qh6+ 54. Kg4 Qd6 55. Kg3 Qd4 56. Kg4 Qd6 57. Qe3 Qe6+ 58. Kg3 Qd6 59. Qc3 Qb6
60. Kg2 Qe6 61. Kf2 Qf7+ 62. Qf3 Qc7 63. Kg3 Kg8 64. Qd3 Kh7 65. Qd5 Qe7 66.
Kg4 Qf6 67. Qxa5 Qf4+ 68. Kh3 Qf3+ 1/2-1/2

[Event "Open A Befana"]
[Site "Milano ITA"]
[Date "2011.01.06"]
[Round "6"]
[White "Andreoni, Giuseppe"]
[Black "Astengo, Corrado"]
[Result "1/2-1/2"]
[WhiteElo "2050"]
[BlackElo "2146"]
[PlyCount "61"]
[EventDate "2011.01.02"]

1. d4 d5 2. c4 e6 3. Nf3 c6 4. e3 Nf6 5. b3 Nbd7 6. Bb2 Bb4+ 7. Nbd2 O-O 8. Bd3
Ne4 9. O-O f5 10. a3 Bd6 11. b4 a6 12. c5 Bc7 13. a4 Qe7 14. Qe2 a5 15. b5 e5
16. bxc6 bxc6 17. dxe5 Nexc5 18. Rfc1 Nxd3 19. Qxd3 Nxe5 20. Qd4 Nxf3+ 21. Nxf3
Bd7 22. Ba3 Bd6 23. Bxd6 Qxd6 24. Rc5 Rfb8 25. Qc3 Rb4 26. Ne5 Ra6 27. f4 d4
28. exd4 Rxd4 29. Nxd7 Qxd7 30. Re1 h6 31. Rxf5 1/2-1/2

[Event "Open A Befana"]
[Site "Milano ITA"]
[Date "2011.01.06"]
[Round "6"]
[White "Arboscelli, Gregorio"]
[Black "Barberi, Alessandro"]
[Result "1/2-1/2"]
[WhiteElo "1906"]
[BlackElo "2084"]
[PlyCount "75"]
[EventDate "2011.01.02"]

1. d4 f5 2. c4 g6 3. e4 d6 4. f3 Bg7 5. Nc3 Nc6 6. Nge2 e5 7. Be3 Nf6 8. d5 Ne7
9. c5 O-O 10. Qb3 fxe4 11. Nxe4 Nf5 12. Bg5 h6 13. Bxf6 Bxf6 14. O-O-O b6 15.
c6 Ba6 16. N2g3 Bxf1 17. Rdxf1 Nd4 18. Qd3 a5 19. Nc3 Kg7 20. Nb5 a4 21. Nxd4
exd4 22. Ne2 Ra5 23. Nxd4 Bxd4 24. Qxd4+ Qf6 25. Rd1 Re8 26. Qxf6+ Kxf6 27. Rd2
Rc5+ 28. Kb1 Re5 29. Rhd1 g5 30. Ka1 b5 31. a3 Re3 32. Kb1 Ke5 33. Ka2 h5 34.
Kb1 h4 35. h3 Rc4 36. Ka2 Rf4 37. Kb1 Rc4 38. Ka2 1/2-1/2

[Event "Open A Befana"]
[Site "Milano ITA"]
[Date "2011.01.06"]
[Round "6"]
[White "Cattaneo, Marco"]
[Black "Cani, Gazmir"]
[Result "1/2-1/2"]
[WhiteElo "1948"]
[BlackElo "2115"]
[PlyCount "127"]
[EventDate "2011.01.02"]

1. d4 Nf6 2. Nf3 g6 3. c4 Bg7 4. Nc3 d5 5. cxd5 Nxd5 6. e4 Nxc3 7. bxc3 c5 8.
Rb1 O-O 9. Be2 cxd4 10. cxd4 Qa5+ 11. Qd2 Qxd2+ 12. Bxd2 b6 13. O-O Bb7 14. e5
Nc6 15. Be3 Rac8 16. Rfc1 Na5 17. Rxc8 Rxc8 18. Rc1 Rxc1+ 19. Bxc1 Bd5 20. a3
e6 21. Kf1 Bf8 22. Ke1 Be7 23. g3 Kf8 24. Nd2 Ke8 25. Kd1 Nb3 26. Nxb3 Bxb3+
27. Kd2 Ba4 28. Kc3 Kd7 29. Kb2 Bc6 30. Bd2 a5 31. Kb3 Bd5+ 32. Kb2 Bc6 33. Kb3
a4+ 34. Kb2 h5 35. Bb4 Bxb4 36. axb4 b5 37. f4 Kc7 38. Kc3 Kb6 39. Kb2 Be4 40.
Kc3 Bd5 41. Kb2 Bc4 42. Bf3 Kc7 43. Be4 Kd7 44. h4 Kc7 45. Bf3 Bd5 46. Be2 Kc6
47. Bd3 Bf3 48. Kc3 Bd5 49. Kb2 Bc4 50. Be4+ Kd7 51. Bc2 Ke7 52. Be4 Kf8 53.
Bf3 Kg7 54. Be4 Kf8 55. Bf3 Bd5 56. Be2 Bc6 57. Bd3 Ke7 58. Be2 Kd7 59. Bd3 Kc7
60. Be2 Kb6 61. Bd3 Bg2 62. Be2 Be4 63. Bf1 Kc6 64. Kc3 1/2-1/2

[Event "Open A Befana"]
[Site "Milano ITA"]
[Date "2011.01.06"]
[Round "6"]
[White "Cazzaniga, Walter"]
[Black "Petrini, Roberto"]
[Result "1/2-1/2"]
[WhiteElo "2092"]
[BlackElo "2033"]
[PlyCount "36"]
[EventDate "2011.01.02"]

1. d4 g6 2. Nf3 Bg7 3. c4 d6 4. Nc3 e5 5. dxe5 dxe5 6. Qxd8+ Kxd8 7. Bg5+ f6 8.
O-O-O+ Ke8 9. Be3 Be6 10. Nb5 Na6 11. b3 Bh6 12. Bxh6 Nxh6 13. h3 Ke7 14. g4
Nf7 15. Bg2 c6 16. Nc3 Rad8 17. Rxd8 Rxd8 18. Rd1 Rxd1+ 1/2-1/2

[Event "Open A Befana"]
[Site "Milano ITA"]
[Date "2011.01.06"]
[Round "6"]
[White "Gaggino, Davide"]
[Black "Bemporad, Filippo"]
[Result "1-0"]
[WhiteElo "1905"]
[BlackElo "2057"]
[PlyCount "89"]
[EventDate "2011.01.02"]

1. b3 Nf6 2. Bb2 g6 3. c4 Bg7 4. Nf3 c5 5. g3 Nc6 6. Bg2 O-O 7. O-O d6 8. d4
cxd4 9. Nxd4 Qb6 10. Nxc6 bxc6 11. Qc2 Bb7 12. Nd2 d5 13. Rad1 Rac8 14. Be5
Rfd8 15. Bh3 e6 16. e3 Qb4 17. Bc3 Qe7 18. Qb2 Ba6 19. Rfe1 Rb8 20. Qa1 Ne8 21.
Bf1 Bxc3 22. Qxc3 Bb7 23. c5 e5 24. f4 e4 25. b4 Qc7 26. Nb3 Qc8 27. h3 Ba6 28.
Kg2 Bxf1+ 29. Rxf1 f5 30. a3 Qc7 31. Nd4 Rdc8 32. Rb1 Qd7 33. Rh1 Nc7 34. Rhc1
Nb5 35. Nxb5 Rxb5 36. a4 Rb7 37. h4 Qg7 38. Qd2 Qc7 39. Qc3 a6 40. h5 Qg7 41.
Qd2 Rd8 42. Qe2 d4 43. exd4 Rxd4 44. Rd1 Rdxb4 45. Rxb4 1-0

[Event "Open A Befana"]
[Site "Milano ITA"]
[Date "2011.01.06"]
[Round "6"]
[White "Gori, Andrea"]
[Black "Petrone, Gianmario"]
[Result "1/2-1/2"]
[WhiteElo "2099"]
[BlackElo "1814"]
[PlyCount "61"]
[EventDate "2011.01.02"]

1. e4 c5 2. Nf3 d6 3. d4 cxd4 4. Nxd4 Nf6 5. f3 a6 6. c4 g6 7. Be3 Bg7 8. Qd2
O-O 9. Nc3 Nc6 10. Be2 Bd7 11. O-O Qa5 12. Rac1 Rab8 13. Rfd1 Kh8 14. Nb3 Qd8
15. c5 Ne8 16. Nd5 Be6 17. cxd6 Bxd5 18. dxe7 Nxe7 19. exd5 Nf5 20. Ba7 Ra8 21.
Bc5 Ned6 22. Nd4 Re8 23. Nxf5 Nxf5 24. Rc2 Rc8 25. g4 Rxc5 26. Rxc5 Bd4+ 27.
Kh1 Bxc5 28. gxf5 Bd6 29. fxg6 Qh4 30. Bf1 hxg6 31. Qd4+ 1/2-1/2

[Event "Open A Befana"]
[Site "Milano ITA"]
[Date "2011.01.06"]
[Round "6"]
[White "Illyuviev, Oleg"]
[Black "Attuati, Stefano"]
[Result "1-0"]
[WhiteElo "1987"]
[BlackElo "1983"]
[PlyCount "33"]
[EventDate "2011.01.02"]

1. c4 e5 2. Nc3 f5 3. g3 Nf6 4. Bg2 d6 5. Nf3 Be7 6. O-O O-O 7. d4 Nbd7 8. Ng5
Nb8 9. c5 Nc6 10. Qb3+ Kh8 11. Bxc6 bxc6 12. Nf7+ Rxf7 13. Qxf7 exd4 14. Na4 d5
15. Rd1 Ne4 16. Rxd4 g6 17. Bf4 1-0

[Event "Open A Befana"]
[Site "Milano ITA"]
[Date "2011.01.06"]
[Round "6"]
[White "Morselli, Stefano"]
[Black "Deghi, Donatello"]
[Result "1-0"]
[WhiteElo "1894"]
[BlackElo "1822"]
[PlyCount "137"]
[EventDate "2011.01.02"]

1. Nf3 Nf6 2. g3 b6 3. Bg2 Bb7 4. d3 c5 5. e4 d6 6. O-O Qc7 7. Re1 Nbd7 8. c3
g6 9. Nbd2 Bg7 10. d4 O-O 11. e5 Ng4 12. h3 Nh6 13. e6 fxe6 14. Ng5 Rfe8 15.
Nxe6 Qc8 16. Nf3 Nf7 17. Qe2 Nf8 18. Nfg5 Bxg2 19. Kxg2 Nxg5 20. Bxg5 Nxe6 21.
Qxe6+ Qxe6 22. Rxe6 cxd4 23. cxd4 Bxd4 24. Rxe7 Rxe7 25. Bxe7 Bxb2 26. Rd1 Ba3
27. Rd2 Kf7 28. Bxd6 Rd8 29. Bf4 Rxd2 30. Bxd2 Ke6 31. f4 Kd5 32. Kf3 Kd4 33.
g4 Kd5 34. f5 gxf5 35. gxf5 Ke5 36. Kg4 Kf6 37. Bc3+ Kf7 38. Kg5 Bf8 39. Be5 b5
40. Bc7 Bg7 41. Ba5 Bd4 42. Kf4 Bf6 43. Ke4 Bb2 44. Be1 Ke7 45. Bh4+ Bf6 46.
Bf2 a6 47. Kd5 Kd7 48. Bg3 b4 49. Kc5 a5 50. Kb5 Bd8 51. Bf4 h5 52. Bg3 h4 53.
Bf4 Ke8 54. Be5 Kf7 55. Bd4 Bf6 56. Bb6 Bc3 57. Bxa5 Kf6 58. Bd8+ Kxf5 59. Bxh4
Kf4 60. Be7 Kg3 61. Bxb4 Bf6 62. Bc5 Kxh3 63. a4 Bc3 64. Bb4 Bd4 65. a5 Kg4 66.
Bc5 Be5 67. a6 Bb8 68. Kb6 Kf5 69. Kb7 1-0

[Event "Open A Befana"]
[Site "Milano ITA"]
[Date "2011.01.06"]
[Round "6"]
[White "Murli, Almerico"]
[Black "Quagliarella, Sabino Remo"]
[Result "1/2-1/2"]
[WhiteElo "1821"]
[BlackElo "1926"]
[PlyCount "117"]
[EventDate "2011.01.02"]

1. e4 e6 2. d4 d5 3. Nd2 Nf6 4. e5 Nfd7 5. Bd3 c5 6. c3 Nc6 7. Ne2 cxd4 8. cxd4
Qb6 9. Nf3 Bb4+ 10. Bd2 f6 11. exf6 Nxf6 12. O-O Bxd2 13. Qxd2 O-O 14. Rac1 Bd7
15. Nc3 Kh8 16. Bb1 Rac8 17. Rfe1 Qb4 18. a3 Qd6 19. Ne5 Na5 20. Qe2 Nb3 21.
Rcd1 Rce8 22. Nxd7 Qxd7 23. Bc2 Na5 24. b4 Nc6 25. Qd3 e5 26. dxe5 Rxe5 27.
Rxe5 Nxe5 28. Qg3 Qe6 29. Bb3 Qf5 30. Nxd5 Ne4 31. Qe3 Ng4 32. Qe2 Nexf2 33.
Rf1 Qg5 34. Qe7 Nh3+ 35. gxh3 Rxf1+ 36. Kxf1 Nxh2+ 37. Ke2 Qh5+ 38. Kd3 Qxh3+
39. Ne3 Qc8 40. Qe5 Nf3 41. Qd5 Nh4 42. Qd4 Nf3 43. Qd5 Nh4 44. Bc2 Ng6 45. Kd2
Nf4 46. Qd4 Nh5 47. Qd3 g6 48. Qd4+ Ng7 49. Bb3 b6 50. Ng4 h5 51. Ne5 Kh7 52.
Bc2 Nf5 53. Qd3 Qe6 54. Nf3 Kh6 55. Nd4 Nxd4 56. Qxd4 Qf7 57. Qh8+ Kg5 58. Qe5+
Kh6 59. Qh8+ 1/2-1/2

[Event "Open A Befana"]
[Site "Milano ITA"]
[Date "2011.01.06"]
[Round "6"]
[White "Pelizzola, Danilo"]
[Black "Astengo, Marcello"]
[Result "0-1"]
[WhiteElo "2061"]
[BlackElo "2118"]
[PlyCount "76"]
[EventDate "2011.01.02"]

1. c4 b6 2. Nc3 Bb7 3. d4 Nf6 4. Nf3 e6 5. e3 Be7 6. Bd2 O-O 7. Bd3 d5 8. cxd5
exd5 9. Qc2 Nbd7 10. Rc1 c5 11. b3 Rc8 12. Qb1 Bd6 13. O-O Re8 14. dxc5 bxc5
15. Bf5 Bb8 16. Na4 g6 17. Bh3 Ne4 18. Ba5 Qxa5 19. Bxd7 Qc7 20. Bxc8 Nd2 21.
Rfd1 Nxf3+ 22. gxf3 Qxh2+ 23. Kf1 Rxc8 24. Nxc5 Rxc5 25. Rxc5 Ba6+ 26. Rc4 dxc4
27. b4 c3+ 28. b5 c2 29. Rd8+ Kg7 30. Qxc2 Bxb5+ 31. Ke1 Qg1+ 32. Kd2 Qxf2+ 33.
Kc1 Qxe3+ 34. Kb1 Be5 35. Rd5 Qe1+ 36. Qd1 Qxd1+ 37. Rxd1 Bc6 38. Rd3 h5 0-1

[Event "Open A Befana"]
[Site "Milano ITA"]
[Date "2011.01.06"]
[Round "6"]
[White "Quaranta, Cristiano"]
[Black "Bisignano, Giuseppe"]
[Result "1-0"]
[WhiteElo "2134"]
[BlackElo "1929"]
[PlyCount "105"]
[EventDate "2011.01.02"]

1. d4 c5 2. d5 e6 3. c4 g6 4. Nc3 exd5 5. cxd5 d6 6. Nf3 Nf6 7. g3 Bg7 8. Bg2
O-O 9. O-O Re8 10. Nd2 Nbd7 11. h3 a6 12. a4 Qc7 13. Nc4 Nb6 14. Na3 Qe7 15.
Re1 Bf5 16. a5 Nc8 17. e4 b5 18. axb6 Nxb6 19. Bg5 Bd7 20. Qd2 Qe5 21. Bf4 Qd4
22. Qxd4 cxd4 23. Na2 Na4 24. Nc4 Nh5 25. Bxd6 Bb5 26. b3 Rac8 27. Na3 Nc5 28.
Nxb5 axb5 29. g4 Nf6 30. Bxc5 Rxc5 31. Nb4 Rc3 32. Nc6 Nd7 33. Rad1 Nc5 34.
Nxd4 Nd3 35. Re3 Bxd4 36. Rexd3 Be5 37. Rxc3 Bxc3 38. f4 f6 39. Kf2 Kf7 40. Ke3
Ke7 41. Bf1 Rb8 42. h4 Kd6 43. g5 f5 44. e5+ Kd7 45. Be2 Ba5 46. h5 Bb6+ 47.
Kd2 b4 48. hxg6 hxg6 49. Rh1 Ra8 50. Bb5+ Kc8 51. Rh8+ Bd8 52. Ba4 Ra5 53. d6
1-0

[Event "Open A Befana"]
[Site "Milano ITA"]
[Date "2011.01.06"]
[Round "6"]
[White "Vezzosi, Paolo"]
[Black "Salmoiraghi, Angelo"]
[Result "1/2-1/2"]
[WhiteElo "2383"]
[BlackElo "2155"]
[PlyCount "30"]
[EventDate "2011.01.02"]

1. d4 Nf6 2. c4 e6 3. Nc3 Bb4 4. e3 b6 5. Nge2 Ne4 6. Qc2 Bb7 7. f3 Nxc3 8.
Nxc3 O-O 9. Bd3 Qh4+ 10. Qf2 Qxf2+ 11. Kxf2 Bxc3 12. bxc3 d6 13. c5 dxc5 14.
dxc5 Rd8 15. Rd1 Na6 1/2-1/2